Fr. Conceicao Rodrigues College of Engineering

Does God play Dice (Record no. 31918)

MARC details
000 -LEADER
fixed length control field 00287nam a2200145Ia 4500
100 ## - MAIN ENTRY--PERSONAL NAME
Personal name Stewart IAN
245 ## - TITLE STATEMENT
Title Does God play Dice
260 ## - PUBLICATION, DISTRIBUTION, ETC.
Name of publisher, distributor, etc. Penguin
Place of publication, distribution, etc. London
Date of publication, distribution, etc. 1990
300 ## - PHYSICAL DESCRIPTION
Extent 310
546 ## - LANGUAGE NOTE
Language note ENGLISH
650 ## - SUBJECT ADDED ENTRY--TOPICAL TERM
Topical term or geographic name entry element General
654 ## - SUBJECT ADDED ENTRY--FACETED TOPICAL TERMS
Focus term general
942 ## - ADDED ENTRY ELEMENTS (KOHA)
Koha item type BOOK
Holdings
Withdrawn status Lost status Damaged status Not for loan Collection Home library Current library Date acquired Cost, normal purchase price Total Checkouts Full call number Barcode Date last seen Cost, replacement price Price effective from Koha item type
        CRC Fr. Agnel's C.Rodrigues College of Engineering Fr. Agnel's C.Rodrigues College of Engineering 17/03/2023 249.00   7197 17/03/2023 249.00 17/03/2023 BOOK